书目信息 |
| 题名: |
中国真菌总汇
|
|
| 作者: | 戴芳澜 著 | |
| 分册: | ||
| 出版信息: | 北京 科学出版社 1979 |
|
| 页数: | 1527页 | |
| 开本: | 26cm | |
| 丛书名: | ||
| 单 册: | ||
| 中图分类: | Q949.2 | |
| 科图分类: | ||
| 主题词: | 真菌志--中国 | |
| 电子资源: | ||
| ISBN: | ||
| 000 | 00540nam0 2200205 45 | |
| 001 | 0179009007 | |
| 005 | 20061125084340.89 | |
| 010 | @b精装@dCNY15.80 | |
| 100 | @a19950921d1979 em y0chiy0121 ea | |
| 101 | 0 | @achi |
| 102 | @aCN@b110000 | |
| 105 | @ay z 000yy | |
| 200 | 10 | @a中国真菌总汇@Azhong guo zhen jun zong hui@f戴芳澜著 |
| 210 | @a北京@c科学出版社@d1979 | |
| 215 | @a1527页@d26cm | |
| 606 | @a真菌志@y中国 | |
| 690 | @aQ949.2@v3 | |
| 701 | 0 | @a戴芳澜@Adai fang lan@4著 |
| 801 | 0 | @aCN@bTSSF@c20061125 |
| 905 | @a10447@dQ949.2@e2 | |
| 中国真菌总汇/戴芳澜著.-北京:科学出版社,1979 |
| 1527页;26cm |
| ISBN (精装):CNY15.80 |
| ● |
| 相关链接 |
|
|
|
|
正题名:中国真菌总汇
索取号:Q949.2/2
 
预约/预借
| 序号 | 登录号 | 条形码 | 馆藏地/架位号 | 状态 | 备注 |
| 1 | 0018764 | 000557089 | 第二样本阅览室/ [索取号:Q949.2/2] | 在馆 |